UBT Library

Rifitimi i Lirisë (Record no. 60950)

000 -LEADER
fixed length control field 00301nam a22001337a 4500
008 - FIXED-LENGTH DATA ELEMENTS--GENERAL INFORMATION
fixed length control field 260330b ||||| |||| 00| 0 eng d
020 ## - INTERNATIONAL STANDARD BOOK NUMBER
International Standard Book Number 9789951295222
041 ## - LANGUAGE CODE
Language code of text/sound track or separate title Shqip
080 ## - UNIVERSAL DECIMAL CLASSIFICATION NUMBER
Universal Decimal Classification number 615.851
100 ## - Rafti
Rafti 25
101 ## - Shkurtesa
Shkurtesa psiko
245 ## - TITLE STATEMENT
Title Rifitimi i Lirisë
Statement of responsibility, etc Skender Munishi
942 ## - ADDED ENTRY ELEMENTS (KOHA)
Source of classification or shelving scheme
Item type Books
Holdings
Withdrawn status Lost status Source of classification or shelving scheme Damaged status Not for loan Collection code Permanent location Current location Date acquired Total Checkouts Barcode Date last seen Price effective from Koha item type
          Koleksioni i përgjithshem UBT - Lipjan UBT - Gjilan 03/31/2026   003-800070999521 03/31/2026 03/31/2026 Books
          Koleksioni i përgjithshem UBT - Lipjan UBT - Gjilan 03/31/2026   003-800070999522 03/31/2026 03/31/2026 Books
UBT Library © 2015-2024. All rights reserved University Education for Business and Technology